00636 2200229 4500001002100000005001500021007000300036008004100039020000600080035002000086082001500106084002100121110005600142245005600198250000600254260003400260300003000294650001200324650001900336856002800355990002300383INLIS00000000000766720251006094558ta251006 0 ind  a- a0010-1025000005 a378:338.45 a378:338.45 LEM k0 aLembaga Penelitian dan Pengabdian Kepada Masyarakat1 aKatalog Riset Industri Universitas Gadjah Mada 2012 a- aYogyakarta :bLPPM UGM,c2012 a157p. :bilus ;c25 cme- 4aKatalog 4aRiset industri aPerpustakaan BRMP Jatim a532/2025/BRMPJATIM